Precálculo : matemáticas para el cálculo /

Guardado en:
Autor Principal: Stewart, James, 1941-
Otros Autores: Redlin, L., Watson, Saleem.
Formato: Libro
Idioma:Spanish
English
Publicado: [México] : Cengage Learning, c2007.
Edición:5.ª ed.
Etiquetas: Agregar Etiqueta
Sin Etiquetas, Sea el primero en etiquetar este registro!
LEADER 01293nam a22002295a 4500
001 MAT.inmabb006664
008 120821s2007####mx#a##########001#0#spa#d
005 20130219152303.0
245 1 0 |a Precálculo :  |b matemáticas para el cálculo /  |c James Stewart, Lothar Redlin, Saleem Watson ; revisión técnica, Héctor Vidaurri, Alejandro Alfaro. 
250 |a 5.ª ed. 
260 |a [México] :  |b Cengage Learning,  |c c2007. 
300 |a xxxi, 933, [87] p. :  |b il. col. ;  |c 27 cm. +  |e 1 CD-ROM. 
500 |a Traducción de: Precalculus : mathematics for calculus. 5th ed. Thomson Brooks/Cole, c2006. 
505 0 |a 1. Fundamentos -- 2. Funciones -- 3. Funciones polinomiales y racionales -- 4. Funciones exponenciales y logarítmicas -- 5. Funciones trigonométricas de números reales -- 6. Funciones trigonométricas de ángulos -- 7. Trigonometría analítica -- 8. Coordenadas polares y vectores -- 9. Sistemas de ecuaciones y desigualdades -- 10. Geometría analítica -- 11. Sucesiones y series -- 12. Límites: presentación preliminar de cálculo. 
020 |a 9789706866387 
100 1 |a Stewart, James,  |d 1941- 
240 1 0 |a Precalculus.  |l Español 
700 1 |a Redlin, L. 
700 1 |a Watson, Saleem. 
084 |a 26-01  |2 msc2000 
041 1 |a spa  |h eng 
859 |h 26  |i St849p  |p A-8776  |b BIB. MATEMATICA